Nurjuvazi : (Record no. 13717)

MARC details
000 -BAŞLIK
Sabit Uzunlukta Kontrol Alanı 00876nam a22002657a 4500
999 ## - SİSTEM KONTROL NUMARALARI (KOHA)
Koha Biblionumber 13717
Koha Biblioitemnumber 13717
003 - KONTROL NUMARASI IDENTIFIER
Denetim Alanı MIRAKIL
005 - SON İŞLEM TARİHİ VE ZAMANI
Denetim Alanı 20200117124154.0
008 - SABİT-BOY VERİ ELEMANLARI - GENEL BİLGİLER
Sabit Uzunlukta Kontrol Alanı 200117b tu ||||| |||| 00| 0 tur d
020 ## - ULUSLARARASI STANDART KİTAP NUMARASI
Uluslararası Standart Kitap Numarası 9789944337595
040 ## - KATALOGLAMA KAYNAK
Orijinal Kataloglama Ajansı TR-AnCHP
Metne Dönüştürmek Ajansı TR-AnCHP
041 ## - DİL KODU
Metin / Ses Parça Veya Ayrı Başlığın Dil Kodu tur
082 ## - DEWEY ONLU SINIFLANDIRMA NUMARASI
Sınıflandırma Numarası 297.197
Ürün Numarası E62n 2018
100 ## - ANA GİRİŞ - KİŞİSEL İSİM
Kişisel Ad Erdem, Eren
245 10 - BAŞLIK TABLOSU
Başlık Nurjuvazi :
Başlığın Kalan Fetö ile mücadelenin kitabı /
Sorumluluk Tablosu, Vb Eren Erdem.
246 ## - UNVAN FORM VARYING
Başlık Doğru / Kısa Başlığı Fetö ile mücadelenin kitabı
250 ## - EDITION TABLOSU
Baskı Beyanı 5 bs.
260 ## - YAYIN, DAĞITIM, VB
Yayın, Dağıtım, Vb Yeri İstanbul :
Yayıncı, Dağıtıcı, Vs Adı Ulak yayıncılık ,
Yayın, Dağıtım, Vb Tarihi 2018.
300 ## - FİZİKSEL TANIM
Kapsam 271 s.:
Boyutlar 20 sm.
650 #0 - KONU KATMA GİRİŞ - TOPİKAL DÖNEM
9 (RLIN) 5069
Topikal Süreli Veya Coğrafi Ad Giriş Elemanı İslam ve siyaset
Genel Alt Bölümü Türkiye
650 #0 - KONU KATMA GİRİŞ - TOPİKAL DÖNEM
9 (RLIN) 583
Topikal Süreli Veya Coğrafi Ad Giriş Elemanı Kapitalizm
Genel Alt Bölümü Dini açıdan
650 #0 - KONU KATMA GİRİŞ - TOPİKAL DÖNEM
9 (RLIN) 5071
Topikal Süreli Veya Coğrafi Ad Giriş Elemanı Fetö (Fethullahçı Terör Örgütü)
Genel Alt Bölümü Türkiye
740 ## - KATMA GİRİŞ - KONTROLSUZ İLGİLİ / ANALİTİK BAŞLIK
Kontrol Edilmeyen / İlgili Analitik Başlıktaki Fetö ile mücadelenin kitabı
856 ## - ELEKTRONİK YER VE ERİŞİM
Kamu Notu Dijital Nüshası için Partimizin Kütüphane Sorumlusu ile iletişime geçiniz.
942 ## - EKLENDİ GİRİŞ ELEMANLARI (KOHA)
Sınıflandırma Veya Raf Düzeni Kaynak Dewey Decimal Classification
Koha Öğesi Türü Books
Holdings
Kalıcı Konum Mevcut Konum Edinme Tarihi Toplam Check-Out'Lar Tam Çağrı Numarası Barkod Tarih Son Görülme İtibaren Geçerli Fiyatlar Koha Öğesi Türü
CHP Kütüphanesi CHP Kütüphanesi 01/17/2020   297.197 E62n 2018 013497 01/17/2020 01/17/2020 Books